000 02039nam a2200337 i 4500
001 195698
003 ES-MaACL
005 20250713063730.0
008 240709s2024 sp ||||| |||| 00| 0 spa d
017 _aM 5694-2024
_bOficina Depósito Legal Madrid
020 _a9788412690750
040 _aES-MaACL
_cES-MaACL
100 0 _976467
_aMarco, José María
_eaut
245 _aLa velada del Pardo seguida de Memoria Democrática (Franco y Azaña) y de Cartas Azaña-Franco (1933) /
_cJosé María Marco.
260 _a[Madrid] :
_bEdiciones Monóculo,
_c2024.
300 _a334 páginas ;
_c21 cm
336 _2rdacontent
_atexto
337 _2rdamedia
_asin mediación
338 _2rdacarrier
_avolumen
500 _aManuel Azaña fue ministro de la Guerra entre 1931 y 1933; Franco era entonces uno de los militares más prestigiosos del país. Se conocieron y también se respetaron. Conversaron en cuatro ocasiones y ninguno de los dos dejó nunca de tener en cuenta la posición del otro. Azaña pensaba que Franco era, de los oficiales del Ejército, «el único peligroso». Y Franco, que sabía del «sectarismo» de Azaña, reconocía también su inteligencia. Ahora, mucho después de haber sido ambos jefes de Estado de un país en guerra civil, ambos personajes vuelven a encontrarse en El Pardo para dialogar sobre lo divino y lo humano: las ilusiones frustradas, la política, España y la guerra.
600 1 4 _924223
_aAzaña, Manuel,
_d1880-1940
600 1 4 _952240
_aFranco Bahamonde, Francisco,
_d1892-1975
651 7 _9138832
_aEspaña-
_xHistoria-
_yS.XX
852 _aES-MaACL
_cDEPOJ
_jN-10092
_hDonación: José María Marco
_xEncuadernación rústica con solapas
_9206220
903 _976467
_aMarco, José María
_ednr
942 _n0
_cMONOGRAFIA
999 _c195698
_d195698